Music of Latin America
Saved in:
| Corporate Authors: | , |
|---|---|
| Format: | Bog |
| Sprog: | engelsk |
| Udgivet: |
Washington, D.C
OEA
1979
|
| Fag: | |
| Tags: |
Tilføj Tag
Ingen Tags, Vær først til at tagge denne postø!
|
MARC
| LEADER | 00000nam a2200000 a 4500 | ||
|---|---|---|---|
| 001 | UCN2953 | ||
| 003 | CL-VaPUC | ||
| 008 | 010615e19790000US |||||||||||||||||eng|d | ||
| 082 | 0 | 4 | |a 780.98 |b OEA |2 21 |
| 110 | 2 | |a OEA |e author |9 459284 | |
| 710 | 2 | |a Organización de Estados Americanos |e author |9 459285 | |
| 245 | 1 | 0 | |a Music of Latin America |
| 300 | |a 57 p | ||
| 942 | |c BK | ||
| 945 | |d 20010615 00:00:00 |a crobeson | ||
| 260 | |a Washington, D.C |b OEA |c 1979 | ||
| 650 | 0 | |a Música latinoamericana |9 328754 | |
| 650 | 0 | |a Música precolombina |9 408770 | |
| 650 | 0 | |a Música colonial |9 459286 | |
| 650 | 0 | |a Música contemporánea |9 306742 | |
| 583 | |a last modification |c 20010615 00:00:00 |k Rodrigo Vera | ||
| 999 | |c 295969 |d 295967 | ||
| 952 | |0 0 |1 0 |4 0 |6 780_980000000000000_OEA_1979 |7 0 |8 A |9 349427 |a BIBEDU |b BIBEDU |d 2019-11-20 |i 1186612 |o 780.98 OEA 1979 |p 1186612 |r 2023-01-12 |w 2019-11-20 |y BK |k MUS | ||